Deseño curricular base bacharelato: materias propias de modalidade

Saved in:
Bibliografiske detaljer
Institution som forfatter: Xunta de Galicia (Author)
Format: Bog
Sprog:galicisk
Udgivet: Santiago de Compostela Consellería de Educación e Ordenación Universitaria 1994
Fag:
Tags: Tilføj Tag
Ingen Tags, Vær først til at tagge denne postø!

MARC

LEADER 00000nam a2200000 a 4500
001 UCQ5806
003 CL-VaPUC
008 981002e19940000SP |||||||||||||||||glg|d
082 0 4 |a 373.19  |b XUN  |2 21 
110 2 |a Xunta de Galicia  |e author  |9 419807 
245 1 0 |a Deseño curricular base bacharelato: materias propias de modalidade 
300 |a P. irreg 
942 |c BK 
945 |d 19981002 00:00:00  |a mvenant 
260 |a Santiago de Compostela  |b Consellería de Educación e Ordenación Universitaria  |c 1994 
650 0 |a Planificación del currículo  |9 269599 
583 |a last modification  |c 20170727 04:05:35  |k Rodrigo Vera 
999 |c 275946  |d 275944 
952 |0 0  |1 0  |4 0  |6 373_190000000000000_XUN_1994  |7 0  |8 P  |9 312923  |a BIBEDU  |b BIBEDU  |c BIBEDU_PB  |d 2019-11-20  |i 3465330  |o 373.19 XUN 1994  |p 3465330  |r 2024-01-25  |w 2019-11-20  |y BK  |k BME